Albums studios de Renaud - Statistiques

Statistiques générales
  • Ce quiz a été pris 35 fois
  • Le résultat moyen est 12 sur 19
Statistiques - réponses
Année Album % Correct
1983 Morgane de toi
91%
1985 Mistral gagnant
84%
1975 Amoureux de Paname
81%
2016 Renaud
81%
1977 Laisse béton
78%
1988 Putain de camion
78%
2002 Boucan d'enfer
75%
1981 Le Retour de Gérard Lambert
72%
2006 Rouge Sang
72%
1979 Ma gonzesse
63%
1991 Marchand de cailloux
63%
1996 Renaud chante Brassens
56%
1994 À la Belle de Mai
53%
1980 Marche à l'ombre
50%
2009 Molly Malone – Balade irlandaise
44%
2022 Métèque
41%
1993 Renaud cante el' Nord
41%
2019 Les Mômes et les Enfants d'abord !
31%
1995 Les Introuvables
22%
Aucun quiz correspondant
Distribution des résultats
% des personnes avec chaque résultat
Percentile par nombre de réponses
Votre historique - résultats
Vous n’avez pas pris ce quiz